01016 a2200193 45000010006000000050017000060080041000230030015000640400040000790800086001192450050002050200022002552640037002773000019003145050366003330410008006991000020007078560095007275700920260407155833.0260407a2005 arg spa dAR-UNSa-BCEJYS aAR-UNSa-BCEJYSbspacAR-UNSa-BCEJYS a351.71xBienes públicos. Obras públicas. Impuestos (Contratación pública)10aPublic Goods, redistribution and rent seeking a978-1-84376-637-7 1aCheltenham :bEdward Elgarc2005 a153 p.c22 cm. a1. Some difficulties in the existing theory of externalities – 2. Coase and all that – 3. More on why government? – 4. The poor – 5. The legacy of Bismarck – 6. Some biological problems – 7. The rich – 8. A survey of the existing system – 9. Rent seeking – 10. War – 11. Monarchies and dictatorships – 12. What, if anything, should we do? aspa1 aTullock, Gordon41uhttps://biblioeco.unsa.edu.ar/pmb/images/libros/L128650.jpgyImagen de portadaqimage/jpeg